| 000 | 01721nam a2200481Ii 4500 | ||
|---|---|---|---|
| 001 | DIGALBA0010 | ||
| 003 | NyNyDIG | ||
| 006 | m o d | ||
| 007 | cr ||||||||||| | ||
| 008 | 150327s2012 sp o 000 f spa d | ||
| 020 |
_a9788484287797 _q(eBook ; _qePub) |
||
| 020 |
_a8484287793 _q(eBook ; _qePub) |
||
| 035 | _a(OCoLC)910949840 | ||
| 040 |
_aDGITA _beng _erda _epn _cDGITA |
||
| 041 | 1 |
_aspa _heng |
|
| 043 | _ae-uk-en | ||
| 050 | 1 | 4 | _aPR4172.A3 eBook |
| 100 | 1 |
_aBrontë, Emily, _d1818-1848, _eauthor. |
|
| 240 | 1 | 0 |
_aWuthering heights. _lSpanish |
| 245 | 1 | 0 |
_aCumbres borrascosas / _cEmily Brontë ; traducción, Carmen Martín Gaite. |
| 250 | _aEdición en formato digital. | ||
| 264 | 1 |
_aBarcelona : _bAlba Editorial, _cjulio 2012. |
|
| 300 | _a1 online resource. | ||
| 336 |
_atext _btxt _2rdacontent |
||
| 337 |
_acomputer _bc _2rdamedia |
||
| 338 |
_aonline resource _bcr _2rdacarrier |
||
| 490 | 1 | _aClásica maior | |
| 588 | _aOnline resource; title from ePub title page (Digitalia, viewed March 27, 2015) | ||
| 650 | 0 |
_aTriangles (Interpersonal relations) _vFiction. |
|
| 650 | 0 |
_aRejection (Psychology) _vFiction. |
|
| 650 | 0 |
_aRural families _vFiction. |
|
| 650 | 0 |
_aFoundlings _vFiction. |
|
| 651 | 0 |
_aYorkshire (England) _vFiction. |
|
| 655 | 0 | _aElectronic books. | |
| 700 | 1 |
_aMartín Gaite, Carmen, _etranslator. |
|
| 700 | 1 |
_iTranslation of: _aBrontë, Emily, 1818-1848. _tWuthering heights. |
|
| 791 | 2 |
_aDigitalia (Firm), _edistributor. |
|
| 793 | 0 |
_gDigitalia eBook Collection: _aAlba Editorial. |
|
| 830 | 0 | _aClásica maior. | |
| 856 | 4 | 0 |
_3Digitalia Hispánica _uhttps://www.digitaliapublishing.com/a/33211/ |
| 910 | _aPremium Collection: 2015 | ||
| 942 | _cRAA | ||
| 999 |
_c241844 _d241844 |
||